000 01035nam a2200289Ia 4500
003 OSt
005 20210505201241.0
008 210310s1979 ck 000 0 spa d
040 _aCO-JMCR
_cCO-JMCR
041 1 _aspa
_heng
082 0 4 _a320.5315 /
_bL977o
_223
100 1 _aLuxemburgo, Rosa,
_915597
_eautora
245 1 0 _aObras escogidas /
_cRosa Luxemburgo ; introducción de Mary-Alice Waters ; [traducción de Daniel Acosta]
250 _aSegunda edición
260 _a Bogotá :
_bPluma,
_c1979
300 _a2 volúmernes ;
_c18 cm.
546 _aTraducido del inglés.
600 4 _aLuxemburg, Rosa,
_d1870-1919
_xCrítica e interpretación
_937448
650 1 4 _aSocialismo
_915599
_xFilosofía
650 2 4 _aLuchas sociales
_xFilosofía
_937449
650 2 4 _aEconomía
_937450
651 4 _aRusia
_vRevolución
_xHistoria
_y1917
_937451
651 4 _aFrancia
_xPolítica y gobierno
_y1899
_937452
700 1 _aWaters, Mary-Alice,
_eintroducción
_937453
700 1 _aAcosta, Daniel,
_etraductor
_937454
942 _2ddc
_cBK
999 _c7838
_d7838